Países más Cercanos a Turquía - Estadísticas

Estadísticas generales
  • Esta prueba ha sido intentada 5.744 veces
  • La puntuación promedio es 17 de 20
Estadísticas de respuestas
km País millas % Correcto
0 Grecia 0
96%
0 Irak 0
93%
0 Georgia 0
92%
0 Irán 0
92%
285 Israel 177
92%
0 Siria 0
92%
0 Armenia 0
91%
0 Azerbaiyán 0
90%
69 Chipre 43
90%
136 Rusia 85
90%
0 Bulgaria 0
89%
198 Rumania 123
86%
125 Líbano 78
84%
342 Jordania 213
82%
274 Macedonia del Norte 170
81%
365 Ucrania 227
79%
420 Albania 261
78%
322 Serbia 200
75%
388 Kosovo 241
73%
387 Moldavia 240
73%
No se encontraron pruebas coincidentes
Distribución de puntuación
Porcentaje de gente con cada puntuación
Porcentaje por número respondido
Historial de tus puntuaciones
No has intentado esta prueba.